00729nam a2200217Ia 4500003000900000008004100009020001800050040001600068080002300084245007400107260003900181300001500220650004100235650003100276650002500307650001800332700004000350942000700390999001500397952009900412IN-BaIIA211028s9999 xx 000 0 eng d a0-306-17066-3 cIIA Library a047.1:533.9bREV-6 0aReviews of plasma physicscedited by Mikhail Alexandrovich Leontovich aNew YorkbConsultants Bureauc1975 axiv, 331p. aAstronomy and astrophysics Thesaurus aMagnetohydrodynamics91666 aPlasma physics93732 aPlasmas91898 aLeontovich, Acad. M. A., ed.910612 cBK c6139d6139 00104070aBANbBANcGENd1979-02-16l0o047.1:533.9/ REP-6p6851r2021-11-05w1979-02-16yBK